<?xml version="1.0" encoding="UTF-8"?>
<record
    xmlns:xsi="http://www.w3.org/2001/XMLSchema-instance"
    xsi:schemaLocation="http://www.loc.gov/MARC21/slim http://www.loc.gov/standards/marcxml/schema/MARC21slim.xsd"
    xmlns="http://www.loc.gov/MARC21/slim">

  <leader>01157cam a2200301 i 4500</leader>
  <controlfield tag="001">j  66000897 </controlfield>
  <controlfield tag="003">DLC</controlfield>
  <controlfield tag="005">20260227111521.0</controlfield>
  <controlfield tag="008">990713s1961    ja a         l000 0 jpn  </controlfield>
  <datafield tag="010" ind1=" " ind2=" ">
    <subfield code="a">j  66000897 </subfield>
  </datafield>
  <datafield tag="035" ind1=" " ind2=" ">
    <subfield code="a">(CStRLIN)DCLP99-B8711</subfield>
  </datafield>
  <datafield tag="040" ind1=" " ind2=" ">
    <subfield code="a">DLC</subfield>
    <subfield code="c">DLC-R</subfield>
    <subfield code="d">DLC-R</subfield>
    <subfield code="d">DLC</subfield>
  </datafield>
  <datafield tag="050" ind1="0" ind2="0">
    <subfield code="a">HC463.O9</subfield>
    <subfield code="b">A5</subfield>
  </datafield>
  <datafield tag="066" ind1=" " ind2=" ">
    <subfield code="c">$1</subfield>
  </datafield>
  <datafield tag="110" ind1="1" ind2=" ">
    <subfield code="6">880-01</subfield>
    <subfield code="a">Owase-shi (Japan).</subfield>
    <subfield code="b">Shiyakusho.</subfield>
  </datafield>
  <datafield tag="245" ind1="1" ind2="0">
    <subfield code="6">880-02</subfield>
    <subfield code="a">Sh&#x14D;wa 34-nen no shimin keizai :</subfield>
    <subfield code="b">shimin shotoku suikei o ch&#x16B;shi ni shite.</subfield>
  </datafield>
  <datafield tag="260" ind1=" " ind2=" ">
    <subfield code="6">880-03</subfield>
    <subfield code="a">[Owase] :</subfield>
    <subfield code="b">Mie-ken Owase Shiyakusho,</subfield>
    <subfield code="c">1961.</subfield>
  </datafield>
  <datafield tag="300" ind1=" " ind2=" ">
    <subfield code="a">86 p. :</subfield>
    <subfield code="b">ill. ;</subfield>
    <subfield code="c">26 cm.</subfield>
  </datafield>
  <datafield tag="500" ind1=" " ind2=" ">
    <subfield code="a">Cover title.</subfield>
  </datafield>
  <datafield tag="500" ind1=" " ind2=" ">
    <subfield code="a">In colophon: Hakk&#x14D; sekininsha Owase-shi Sh&#x14D;k&#x14D; Suisanka.</subfield>
  </datafield>
  <datafield tag="650" ind1=" " ind2="0">
    <subfield code="a">Income</subfield>
    <subfield code="z">Owase-shi (Japan)</subfield>
  </datafield>
  <datafield tag="650" ind1=" " ind2="0">
    <subfield code="a">Cost and standard of living</subfield>
    <subfield code="z">Owase-shi (Japan)</subfield>
  </datafield>
  <datafield tag="710" ind1="1" ind2=" ">
    <subfield code="6">880-04</subfield>
    <subfield code="a">Owase-shi (Japan).</subfield>
    <subfield code="b">Sh&#x14D;k&#x14D; Suisanka.</subfield>
  </datafield>
  <datafield tag="880" ind1="1" ind2=" ">
    <subfield code="6">110-01/$1</subfield>
    <subfield code="a">&#x5C3E;&#x9DF2;&#x5E02; (Japan).</subfield>
    <subfield code="b">&#x5E02;&#x5F79;&#x6240;.</subfield>
  </datafield>
  <datafield tag="880" ind1="1" ind2="0">
    <subfield code="6">245-02/$1</subfield>
    <subfield code="a">&#x662D;&#x548C; 34&#x5E74;&#x306E;&#x5E02;&#x6C11;&#x7D4C;&#x6E08; :</subfield>
    <subfield code="b">&#x5E02;&#x6C11;&#x6240;&#x5F97;&#x63A8;&#x8A08;&#x3092;&#x4E2D;&#x5FC3;&#x306B;&#x3057;&#x3066;.</subfield>
  </datafield>
  <datafield tag="880" ind1=" " ind2=" ">
    <subfield code="6">260-03/$1</subfield>
    <subfield code="a">[&#x5C3E;&#x9DF2;] :</subfield>
    <subfield code="b">&#x4E09;&#x91CD;&#x770C;&#x5C3E;&#x9DF2;&#x5E02;&#x5F79;&#x6240;,</subfield>
    <subfield code="c">1961.</subfield>
  </datafield>
  <datafield tag="880" ind1="1" ind2=" ">
    <subfield code="6">710-04/$1</subfield>
    <subfield code="a">&#x5C3E;&#x9DF2;&#x5E02; (Japan).</subfield>
    <subfield code="b">&#x5546;&#x5DE5;&#x6C34;&#x7523;&#x8AB2;.</subfield>
  </datafield>
  <datafield tag="999" ind1=" " ind2=" ">
    <subfield code="c">35077</subfield>
    <subfield code="d">35077</subfield>
  </datafield>
</record>
